000 00622nam a2200241Ia 4500
003 OSt
005 20221005073832.0
006 a|||||r|||| 00| 0
007 ta
008 221004b |||||||| |||| 00| 0 eng d
024 _a67436
037 _cTextual
040 _aCRL
_cCRL
_beng
041 _2eng
_aeng
082 _aV63.N9, N6
100 _aJha Uma Shankar Ed.
245 0 _aSouth Africa
_b retrospect and prospect
260 _aNew Delhi
_bJawahar
_c1996
300 _a393p
_ccm.
650 _aHISTORY
942 _hV63.N9, N6
_cTEXL
_2cc
999 _c981770
_d981770